Aurinkokunnan planeetat suuruusjärjestyksessä isoimmasta pienimpään - Statistics

Yleistilastot
  • Tätä visaa on pelattu 28 kertaa
  • Keskiarvotulos 7 / 8
Vastaustilastot
Hint Vastaus % Oikein
3. planeetta Maa
96%
1. planeetta Merkurius
96%
7. planeetta Uranus
96%
2. planeetta Venus
96%
5. planeetta Jupiter
92%
8. planeetta Neptunus
92%
6. planeetta Saturnus
92%
4. planeetta Mars
88%
Ehtoja vastaavia visoja ei löytynyt
Tulosjakauma
Jokaisen tuloksen saaneiden osuus
Persentiili vastausten määrän mukaan
Tuloshistoriasi
Et ole pelannut tätä visaa